[Event "FIDE World Senior Team Championship 2020"]
[Site "Olympik hotel, Sokolovska 138, Prague"]
[Date "2020.03.06"]
[Round "1.2.2"]
[White "Levin, Felix"]
[Black "Bellin, Jana M"]
[Result "1-0"]
[WhiteElo "2480"]
[BlackElo "2020"]
[PlyCount "71"]
[WhiteTeam "GER"]
[BlackTeam "ENGW"]
[EventDate "2020.03.06"]

1. d4 Nf6 2. c4 c5 3. d5 e5 4. Nc3 d6 5. e4 Be7 6. g3 a6 7. a4 O-O 8. Bg2 Ne8
9. Nge2 Nd7 10. O-O g6 11. Bh6 Ng7 12. Qd2 Nf6 13. h3 Kh8 14. Be3 Nd7 15. Bh6
Nf6 16. Rae1 Ng8 17. Be3 f5 18. f4 exf4 19. Nxf4 Nf6 20. exf5 Bxf5 21. g4 Bc8
22. Ne4 Nxe4 23. Bxe4 Bh4 24. Bf2 Bxf2+ 25. Rxf2 g5 26. Nd3 Rxf2 27. Nxf2 Bd7
28. Bc2 Be8 29. Ne4 Bg6 30. Nxg5 Qf6 31. Bxg6 Qxg6 32. Qf4 Kg8 33. Rf1 Re8 34.
Qf7+ Qxf7 35. Nxf7 Re2 36. Nh6+ 1-0

[Event "FIDE World Senior Team Championship 2020"]
[Site "Olympik hotel, Sokolovska 138, Prague"]
[Date "2020.03.06"]
[Round "1.2.3"]
[White "Lauterbach, Ingrid"]
[Black "Meister, Jakob"]
[Result "1/2-1/2"]
[WhiteElo "2057"]
[BlackElo "2427"]
[PlyCount "143"]
[WhiteTeam "ENGW"]
[BlackTeam "GER"]
[EventDate "2020.03.06"]

1. Nf3 d5 2. g3 Nd7 3. d4 c6 4. Bg2 Ngf6 5. O-O Ne4 6. c4 e6 7. b3 Be7 8. Qc2
f5 9. Ne5 Nxe5 10. dxe5 O-O 11. Nc3 Bd7 12. Bb2 Be8 13. a3 Bg6 14. b4 Qe8 15.
Rac1 a6 16. c5 Nxc3 17. Qxc3 f4 18. gxf4 Rxf4 19. Qg3 Qf7 20. e3 Rh4 21. Rcd1
Bf5 22. f3 Rh6 23. e4 Rg6 24. Qe1 Bh3 25. Rd2 Rd8 26. Kh1 Bxg2+ 27. Rxg2 Rxg2
28. Kxg2 Qg6+ 29. Qg3 Qxg3+ 30. hxg3 dxe4 31. fxe4 Rd2+ 32. Rf2 Rxf2+ 33. Kxf2
a5 34. Bc1 a4 35. Kf3 Kf7 36. Kg4 Kg6 37. Bd2 h5+ 38. Kf3 Bg5 39. Bf4 h4 40.
Kg4 Bd8 41. gxh4 Bc7 42. h5+ Kf7 43. Kf3 g6 44. hxg6+ Kxg6 45. Ke3 Kh5 46. Kf3
Bd8 47. Bc1 Bh4 48. Bd2 Bd8 49. Be3 Kh4 50. Bd2 Kh3 51. Bc1 Bh4 52. Bd2 Bg3 53.
Bc3 Kh4 54. Bb2 Be1 55. Ke2 Bg3 56. Kf3 Kh3 57. Bc3 Bh4 58. Bd2 Bd8 59. Bc1 Kh4
60. Be3 Kh5 61. Bd2 Kg6 62. Kg4 Kf7 63. Be3 Kg6 64. Bc1 Bc7 65. Bb2 Kf7 66. Kh5
b6 67. cxb6 Bxb6 68. Kg5 Ke7 69. Kg6 Be3 70. Kg7 c5 71. bxc5 Bxc5 72. Kg8
1/2-1/2

[Event "FIDE World Senior Team Championship 2020"]
[Site "Olympik hotel, Sokolovska 138, Prague"]
[Date "2020.03.06"]
[Round "1.3.1"]
[White "Hracek, Zbynek"]
[Black "Frostick, Clive A"]
[Result "1-0"]
[WhiteElo "2572"]
[BlackElo "2082"]
[PlyCount "63"]
[WhiteTeam "CZE1"]
[BlackTeam "ENG2"]
[EventDate "2020.03.06"]

1. d4 d5 2. c4 e6 3. Nc3 Nf6 4. cxd5 exd5 5. Bg5 Be7 6. e3 c6 7. Bd3 Nbd7 8. h3
Nf8 9. Nf3 Ne6 10. Bh4 Nh5 11. Bxe7 Qxe7 12. Qc2 Nef4 13. Bf1 Ng6 14. O-O-O Nf6
15. Bd3 Be6 16. Kb1 O-O-O 17. Nd2 Kb8 18. Nb3 Bc8 19. Nc5 Nd7 20. b4 Ka8 21.
Qb3 b5 22. a4 Nxc5 23. bxc5 a6 24. axb5 axb5 25. Kc2 Kb8 26. Ra1 Rd7 27. Rhb1
Rhd8 28. Nxb5 Rb7 29. Qa2 cxb5 30. c6 Rb6 31. Qa8+ Kc7 32. Ra7+ 1-0

[Event "FIDE World Senior Team Championship 2020"]
[Site "Olympik hotel, Sokolovska 138, Prague"]
[Date "2020.03.06"]
[Round "1.3.2"]
[White "White, Nigel"]
[Black "Haba, Petr"]
[Result "0-1"]
[WhiteElo "2001"]
[BlackElo "2470"]
[PlyCount "78"]
[WhiteTeam "ENG2"]
[BlackTeam "CZE1"]
[EventDate "2020.03.06"]

1. e4 e6 2. d4 d5 3. Nd2 dxe4 4. Nxe4 Nd7 5. Nf3 Be7 6. Bd3 Ngf6 7. O-O Nxe4 8.
Bxe4 c5 9. c3 Nf6 10. Bc2 cxd4 11. Nxd4 O-O 12. Qf3 Qd5 13. Re1 Qxf3 14. Nxf3
b6 15. Bg5 Bb7 16. Ne5 Rfd8 17. Rad1 h6 18. Bh4 g5 19. Bg3 Ne4 20. Rd7 Rxd7 21.
Nxd7 Nxg3 22. hxg3 Rd8 23. Ne5 Rd2 24. Bb3 Bc5 25. Ng4 h5 26. Ne3 Rxb2 27. Nd1
Rd2 28. Re5 Be7 29. Re3 Kg7 30. Kf1 Bc5 31. Re1 a5 32. Kg1 Kf6 33. Kf1 Bc6 34.
a4 b5 35. axb5 Bxb5+ 36. c4 Bc6 37. Re2 Bxg2+ 38. Ke1 Rxe2+ 39. Kxe2 h4 0-1

[Event "FIDE World Senior Team Championship 2020"]
[Site "Olympik hotel, Sokolovska 138, Prague"]
[Date "2020.03.06"]
[Round "1.3.3"]
[White "Langner, Ladislav"]
[Black "Thurstan, Tim M"]
[Result "1-0"]
[WhiteElo "2377"]
[BlackElo "1987"]
[PlyCount "121"]
[WhiteTeam "CZE1"]
[BlackTeam "ENG2"]
[EventDate "2020.03.06"]

1. e4 e6 2. d4 d5 3. e5 c5 4. c3 Qb6 5. Nf3 Bd7 6. a3 a5 7. Bd3 a4 8. Nbd2 Nc6
9. dxc5 Bxc5 10. O-O Nge7 11. c4 Ng6 12. b4 axb3 13. cxd5 exd5 14. Nxb3 Be7 15.
Be3 Qc7 16. Bxg6 hxg6 17. Qxd5 Be6 18. Qb5 O-O 19. Bb6 Qb8 20. Nbd4 Bg4 21. a4
Bd8 22. Bc5 Ra5 23. Qc4 Re8 24. Nxc6 bxc6 25. Bd6 Qc8 26. Nd4 c5 27. Nb5 Be6
28. Qe4 Bb6 29. Rfc1 Qa8 30. Qf4 Qc6 31. Nd4 Qd5 32. Nxe6 Qxe6 33. Rab1 Ra6 34.
Bxc5 Bc7 35. Qc4 Qxc4 36. Rxc4 Bxe5 37. Bb6 Rb8 38. f4 Raxb6 39. Rxb6 Rxb6 40.
fxe5 Re6 41. Rc8+ Kh7 42. Rc5 f6 43. Kf2 fxe5 44. Ke3 Rb6 45. Rxe5 Rb3+ 46. Kf2
Ra3 47. a5 Kg8 48. Rg5 Kf7 49. Ke2 Kf6 50. h4 Ra4 51. g3 Rd4 52. Ke3 Rd1 53.
Ke4 Ra1 54. Kd4 Ra4+ 55. Kc3 Re4 56. Kb3 Rd4 57. a6 Rd3+ 58. Kb4 Rd4+ 59. Kb5
Rd3 60. a7 Rb3+ 61. Ka6 1-0

[Event "FIDE World Senior Team Championship 2020"]
[Site "Olympik hotel, Sokolovska 138, Prague"]
[Date "2020.03.06"]
[Round "1.4.1"]
[White "Jahn, Constanze"]
[Black "Arkell, Keith C"]
[Result "0-1"]
[WhiteElo "2048"]
[BlackElo "2447"]
[PlyCount "140"]
[WhiteTeam "GERW1"]
[BlackTeam "ENG1"]
[EventDate "2020.03.06"]

1. e4 c6 2. d4 d5 3. Nd2 dxe4 4. Nxe4 Nd7 5. Ng5 Ngf6 6. Bd3 Nb6 7. N1f3 h6 8.
Ne4 Nxe4 9. Bxe4 Bg4 10. h3 Bxf3 11. Bxf3 g6 12. O-O Bg7 13. c3 O-O 14. Bf4 Nd5
15. Bd2 e6 16. Qb3 Qc7 17. Rac1 Rfd8 18. c4 Ne7 19. d5 exd5 20. cxd5 Qb6 21.
Qa4 Nxd5 22. b3 a5 23. Qh4 h5 24. Bg5 Re8 25. Rfd1 Re5 26. Bxd5 Rxd5 27. Be3
Qd8 28. Qxd8+ Raxd8 29. Re1 R8d7 30. g3 Bd4 31. Kg2 Bxe3 32. Rxe3 Rd2 33. a4
R7d3 34. Rc3 Rxc3 35. Rxc3 Kf8 36. Re3 Rd4 37. Kf3 f6 38. h4 Kf7 39. Kg2 c5 40.
Kh3 b6 41. Rc3 Rb4 42. f3 g5 43. hxg5 fxg5 44. Rd3 Ke6 45. Kg2 Ke5 46. Kf2 c4
47. Re3+ Kf5 48. bxc4 Rxc4 49. Rb3 Rb4 50. Rd3 Ke5 51. Re3+ Kd5 52. Re8 Rxa4
53. Rg8 g4 54. Rg5+ Kc6 55. Rxh5 Ra2+ 56. Kf1 gxf3 57. Rf5 a4 58. Rxf3 Rd2 59.
Ke1 Rd4 60. Ke2 b5 61. Rc3+ Rc4 62. Ra3 Kc5 63. Ra1 Rc3 64. Rg1 a3 65. Kd2 Rf3
66. Kc2 b4 67. Kb1 b3 68. g4 a2+ 69. Kb2 Kb4 70. g5 Rf2+ 0-1

[Event "FIDE World Senior Team Championship 2020"]
[Site "Olympik hotel, Sokolovska 138, Prague"]
[Date "2020.03.06"]
[Round "1.4.2"]
[White "Hebden, Mark L"]
[Black "Mai, Iris"]
[Result "1-0"]
[WhiteElo "2444"]
[BlackElo "2035"]
[PlyCount "83"]
[WhiteTeam "ENG1"]
[BlackTeam "GERW1"]
[EventDate "2020.03.06"]

1. d4 d5 2. Nf3 Nf6 3. c4 c6 4. e3 Nbd7 5. cxd5 Nxd5 6. e4 Nc7 7. Nc3 Nf6 8. h3
h6 9. Bf4 Ne6 10. Be3 Nc7 11. Rc1 e6 12. Bd3 Be7 13. O-O Kf8 14. Ne5 Bd7 15. f4
Be8 16. f5 Kg8 17. fxe6 Nxe6 18. Bc4 Kh7 19. Qd3 b5 20. Bb3 g6 21. Ne2 c5 22.
dxc5 Qxd3 23. Nxd3 Nxe4 24. Bd5 Rd8 25. Bxe4 f5 26. Bxf5 gxf5 27. Ndf4 Nxf4 28.
Nxf4 Bc6 29. Ne6 Rd3 30. Kf2 Rg8 31. Nf4 Bh4+ 32. Ke2 Rd7 33. Rfd1 Re7 34. Rd6
Bxg2 35. c6 Bg3 36. Rd7 Rxd7 37. cxd7 Bxf4 38. Bxf4 Rd8 39. Rc7 Bd5 40. Rxa7
Bc4+ 41. Kf2 Kg7 42. Bc7 1-0

[Event "FIDE World Senior Team Championship 2020"]
[Site "Olympik hotel, Sokolovska 138, Prague"]
[Date "2020.03.06"]
[Round "1.4.3"]
[White "Skibbe, Diana"]
[Black "Flear, Glenn C"]
[Result "0-1"]
[WhiteElo "2008"]
[BlackElo "2420"]
[PlyCount "36"]
[WhiteTeam "GERW1"]
[BlackTeam "ENG1"]
[EventDate "2020.03.06"]

1. e4 e5 2. f4 Bc5 3. Nf3 d6 4. c3 Nf6 5. d4 exd4 6. cxd4 Bb6 7. Nc3 O-O 8. Be2
Nc6 9. O-O Re8 10. Kh1 Nxe4 11. Nxe4 Rxe4 12. Bd3 Re7 13. Bxh7+ Kxh7 14. Ng5+
Kg8 15. Qh5 Bf5 16. Bd2 f6 17. Nf3 g6 18. Qh4 Nxd4 0-1

[Event "FIDE World Senior Team Championship 2020"]
[Site "Olympik hotel, Sokolovska 138, Prague"]
[Date "2020.03.06"]
[Round "1.4.4"]
[White "McDonald, Neil"]
[Black "Jeske, Kirsten"]
[Result "1-0"]
[WhiteElo "2410"]
[BlackElo "1953"]
[PlyCount "59"]
[WhiteTeam "ENG1"]
[BlackTeam "GERW1"]
[EventDate "2020.03.06"]

1. e4 e5 2. Nf3 Nf6 3. Nxe5 d6 4. Nf3 Nxe4 5. Nc3 Nxc3 6. dxc3 Be7 7. Be3 Nc6
8. Qd2 Bg4 9. O-O-O a6 10. Be2 Rb8 11. h4 b5 12. Nd4 Nxd4 13. Bxg4 Nc6 14. f4
Na5 15. b3 O-O 16. h5 h6 17. Bf3 c6 18. Qd3 d5 19. Bd4 Qd6 20. Rhe1 Qxf4+ 21.
Kb1 Bf6 22. Be3 Qc7 23. Rf1 Nc4 24. Bc1 Qa5 25. Bxd5 cxd5 26. Rxf6 gxf6 27.
Bxh6 Na3+ 28. Kb2 Nc4+ 29. Ka1 Qa3 30. Qg3+ 1-0

[Event "FIDE World Senior Team Championship 2020"]
[Site "Olympik hotel, Sokolovska 138, Prague"]
[Date "2020.03.06"]
[Round "1.5.1"]
[White "Ftacnik, Lubomir"]
[Black "Svanda, Pavel"]
[Result "1-0"]
[WhiteElo "2513"]
[BlackElo "2074"]
[PlyCount "85"]
[WhiteTeam "SVK"]
[BlackTeam "CZE8"]
[EventDate "2020.03.06"]

1. d4 d5 2. c4 dxc4 3. Nf3 Nf6 4. e3 e6 5. Bxc4 c5 6. O-O Nc6 7. Qe2 cxd4 8.
exd4 Be7 9. Rd1 O-O 10. Nc3 Nb4 11. Bg5 Nbd5 12. Ne5 Nxc3 13. bxc3 Nd5 14. Bxe7
Qxe7 15. Qf3 f6 16. Ng4 Qd6 17. Rab1 Rb8 18. Ne3 Nxe3 19. Qxe3 b6 20. Bb3 Bd7
21. c4 Qc7 22. c5 Rbe8 23. Rbc1 Kh8 24. c6 Bc8 25. Qg3 e5 26. Re1 Re7 27. dxe5
fxe5 28. Re3 Rf6 29. Rf3 Be6 30. Rxf6 gxf6 31. Qh4 Kg7 32. Bc2 Bg8 33. Be4 Qd6
34. Qg4+ Kh8 35. Rd1 Qe6 36. Qf3 Kg7 37. h4 Qc8 38. h5 Qf8 39. Rd6 Be6 40. Rxe6
Rxe6 41. Qg4+ Kf7 42. Bd5 Qd6 43. c7 1-0

[Event "FIDE World Senior Team Championship 2020"]
[Site "Olympik hotel, Sokolovska 138, Prague"]
[Date "2020.03.06"]
[Round "1.5.2"]
[White "Miculka, Petr"]
[Black "Stohl, Igor"]
[Result "0-1"]
[WhiteElo "2040"]
[BlackElo "2470"]
[PlyCount "64"]
[WhiteTeam "CZE8"]
[BlackTeam "SVK"]
[EventDate "2020.03.06"]

1. e4 c5 2. Nf3 d6 3. c3 Nf6 4. h3 Nbd7 5. Bd3 b6 6. O-O Bb7 7. Re1 Qc7 8. Bc2
Rc8 9. Na3 e6 10. d4 cxd4 11. Nb5 Qc5 12. Nfxd4 a6 13. b4 Qh5 14. Qxh5 Nxh5 15.
Na3 Rxc3 16. Bb2 Rc8 17. Rad1 Be7 18. Nf5 exf5 19. exf5 Ne5 20. f6 Nxf6 21. f4
Nc4 22. Nxc4 Rxc4 23. Rd2 Ne4 24. Rde2 d5 25. Bxg7 Rg8 26. Be5 Bxb4 27. Rd1 Ng3
28. Re3 Rxc2 29. Bd6+ Ne4 30. Bxb4 Rgxg2+ 31. Kh1 f5 32. Rc1 d4 0-1

[Event "FIDE World Senior Team Championship 2020"]
[Site "Olympik hotel, Sokolovska 138, Prague"]
[Date "2020.03.06"]
[Round "1.5.3"]
[White "Motuz, Karol"]
[Black "Tesar, Jan"]
[Result "1-0"]
[WhiteElo "2368"]
[BlackElo "2008"]
[PlyCount "107"]
[WhiteTeam "SVK"]
[BlackTeam "CZE8"]
[EventDate "2020.03.06"]

1. d4 d5 2. c4 e5 3. dxe5 d4 4. Nf3 Nc6 5. Nbd2 Nge7 6. Nb3 Nf5 7. e4 dxe3 8.
Qxd8+ Nxd8 9. fxe3 Be7 10. Bd3 O-O 11. O-O Nh4 12. Bd2 Nc6 13. Rad1 Nxf3+ 14.
gxf3 Bh3 15. Rf2 Bh4 16. Bc3 Bxf2+ 17. Kxf2 Rfd8 18. Rd2 a5 19. a3 g6 20. Nc5
Bc8 21. Ne4 Kf8 22. Nf6 h6 23. Nd5 Rd7 24. e4 Nd8 25. f4 Ne6 26. Ke3 Nc5 27.
Bc2 b6 28. b3 Rb8 29. Rg2 c6 30. Nf6 Rd8 31. f5 g5 32. h4 gxh4 33. Rg8+ Ke7 34.
Rg7 Rh8 35. Kf3 Kf8 36. Rg1 h3 37. Rh1 Ke7 38. Rxh3 Nd7 39. Nh5 Rf8 40. Nf4 a4
41. b4 Bb7 42. e6 fxe6 43. Ng6+ Kd6 44. Nxf8 Rxf8 45. Rxh6 Ne5+ 46. Bxe5+ Kxe5
47. Rxe6+ Kd4 48. Kf4 Kxc4 49. Bxa4 b5 50. Bd1 Rd8 51. Bh5 Rh8 52. Kg5 Kb3 53.
f6 Rg8+ 54. Bg6 1-0

[Event "FIDE World Senior Team Championship 2020"]
[Site "Olympik hotel, Sokolovska 138, Prague"]
[Date "2020.03.06"]
[Round "1.6.1"]
[White "Malinovsky, Petr"]
[Black "Petursson, Margeir"]
[Result "0-1"]
[WhiteElo "2101"]
[BlackElo "2466"]
[PlyCount "116"]
[WhiteTeam "CZE9"]
[BlackTeam "ISL"]
[EventDate "2020.03.06"]

1. d4 Nf6 2. c4 e6 3. Nc3 Bb4 4. e3 O-O 5. Nge2 Re8 6. a3 Bf8 7. g3 d5 8. cxd5
exd5 9. Bg2 c6 10. O-O Nbd7 11. b4 Nb6 12. b5 Nc4 13. bxc6 bxc6 14. Nf4 Bf5 15.
Re1 Rb8 16. Na4 Qa5 17. Nc5 Bxc5 18. dxc5 Ne4 19. Rf1 Nxc5 20. Qh5 Be4 21. Bxe4
Nxe4 22. Qd1 Qc3 23. Ra2 Rb1 24. Qc2 Reb8 25. Qxc3 Nxc3 26. Rc2 R8b3 27. Nd3
Ne2+ 28. Rxe2 Rxd3 29. Rc2 f5 30. Kg2 Kf7 31. Re1 Ke6 32. Kf1 Rbb3 33. a4 Rdc3
34. Ra2 Rb1 35. Bd2 Rxe1+ 36. Bxe1 Rb3 37. a5 a6 38. Ke2 g5 39. h3 h5 40. Rc2
Kd6 41. Bc3 c5 42. Bf6 g4 43. hxg4 hxg4 44. Rc1 Ra3 45. Rb1 Rxa5 46. Rb8 Ra2+
47. Ke1 Nd2 48. Bg7 Ne4 49. Bf8+ Kc6 50. Re8 Nxf2 51. Rc8+ Kd7 52. Rb8 Ne4 53.
Rb7+ Kc6 54. Rf7 d4 55. exd4 cxd4 56. Bg7 d3 57. Rxf5 Re2+ 58. Kd1 Nf2+ 0-1

[Event "FIDE World Senior Team Championship 2020"]
[Site "Olympik hotel, Sokolovska 138, Prague"]
[Date "2020.03.06"]
[Round "1.6.3"]
[White "Paldus, Petr"]
[Black "Jonsson, Bjorgvin"]
[Result "0-1"]
[WhiteElo "2008"]
[BlackElo "2324"]
[PlyCount "100"]
[WhiteTeam "CZE9"]
[BlackTeam "ISL"]
[EventDate "2020.03.06"]

1. e4 c5 2. Nf3 d6 3. c3 Nf6 4. Bd3 Nc6 5. O-O g6 6. Re1 Bg7 7. Bc2 Bg4 8. h3
Bxf3 9. Qxf3 O-O 10. d3 b5 11. Be3 Rb8 12. Nd2 b4 13. Nc4 bxc3 14. bxc3 Na5 15.
Na3 Nd7 16. d4 cxd4 17. cxd4 Nc6 18. Qd1 e5 19. d5 Nd4 20. Bd3 Nc5 21. Nc4 Qc7
22. Rb1 Rxb1 23. Bxb1 Rb8 24. Bd3 Rb4 25. Bf1 a5 26. Qc1 a4 27. f3 Rb8 28. Qc3
f5 29. Qa5 Qxa5 30. Nxa5 fxe4 31. Bxd4 exd4 32. fxe4 Re8 33. Bb5 Rb8 34. Bc4
Rb2 35. Nc6 d3 36. e5 d2 37. Rf1 Bxe5 38. Nxe5 dxe5 39. d6+ Kg7 40. Rd1 Rc2 41.
Be2 a3 42. Kf2 Rxa2 43. Ke3 Rb2 44. Bg4 a2 45. Ra1 Kf8 46. h4 h5 47. Be2 Ke8
48. g4 Kd7 49. gxh5 gxh5 50. Bxh5 Nb3 0-1

[Event "FIDE World Senior Team Championship 2020"]
[Site "Olympik hotel, Sokolovska 138, Prague"]
[Date "2020.03.06"]
[Round "1.6.4"]
[White "Gislason, Gudmundur"]
[Black "Danek, Pavel"]
[Result "1/2-1/2"]
[WhiteElo "2322"]
[BlackElo "1882"]
[PlyCount "84"]
[WhiteTeam "ISL"]
[BlackTeam "CZE9"]
[EventDate "2020.03.06"]

1. d4 d5 2. Nf3 e6 3. g3 f5 4. Bg2 Nf6 5. O-O Be7 6. c4 c6 7. Qc2 O-O 8. Nbd2
Ne4 9. Ne5 Nxd2 10. Bxd2 Nd7 11. Nd3 Nf6 12. f3 Bd7 13. c5 Be8 14. Qb3 b6 15.
Rac1 Nd7 16. Nf4 Rf6 17. Qe3 bxc5 18. Nxe6 cxd4 19. Nxd4 Bc5 20. Bc3 Bf7 21.
Kh1 f4 22. gxf4 Qc7 23. Qf2 Qxf4 24. e3 Qh6 25. f4 Ne5 26. Nf5 Rxf5 27. Bxe5
Bb6 28. Qg3 Re8 29. Rxc6 g6 30. Rd1 Bxe3 31. Qxe3 Rfxe5 32. Qxe5 Rxe5 33. fxe5
Qh5 34. Re1 Qh4 35. Rf1 Qe7 36. Rcf6 Be6 37. Rd1 Kg7 38. Bxd5 Bxd5+ 39. Rxd5
Qb7 40. Rfd6 Qxb2 41. e6 Qf2 42. Rd1 Qf3+ 1/2-1/2

[Event "FIDE World Senior Team Championship 2020"]
[Site "Olympik hotel, Sokolovska 138, Prague"]
[Date "2020.03.06"]
[Round "1.7.1"]
[White "Potapov, Alexander"]
[Black "Schulz, Petra"]
[Result "1-0"]
[WhiteElo "2413"]
[BlackElo "2027"]
[PlyCount "89"]
[WhiteTeam "RUS1"]
[BlackTeam "GERW2"]
[EventDate "2020.03.06"]

1. d4 Nf6 2. c4 g6 3. Nc3 Bg7 4. e4 d6 5. h3 O-O 6. Bg5 c6 7. Bd3 e5 8. d5 a5
9. Nge2 Na6 10. Qd2 Bd7 11. O-O Nc5 12. Bc2 cxd5 13. Nxd5 Nfxe4 14. Bxd8 Nxd2
15. Be7 Nxf1 16. Bxd6 Ne6 17. Bxf8 Kxf8 18. Kxf1 Bc6 19. Nec3 Nd4 20. Ba4 Bxa4
21. Nxa4 Rc8 22. c5 f5 23. Rd1 Kf7 24. Ndb6 Rc7 25. b3 Bf8 26. Nc4 Bxc5 27.
Nxe5+ Ke6 28. Nxc5+ Kxe5 29. Nd3+ Kf6 30. Nf4 Ke5 31. g3 Rc2 32. Nd3+ Kd5 33.
Ne1 Rc3 34. h4 b5 35. Ng2 Ke5 36. Re1+ Kf6 37. Nf4 Rc5 38. Rd1 Ne6 39. Rd6 Re5
40. Nd5+ Kg7 41. Rd7+ Kf8 42. Nf6 Nc5 43. Nxh7+ Ke8 44. Nf6+ Kf8 45. Rc7 1-0

[Event "FIDE World Senior Team Championship 2020"]
[Site "Olympik hotel, Sokolovska 138, Prague"]
[Date "2020.03.06"]
[Round "1.7.2"]
[White "Sommaro, Katja"]
[Black "Sergeyev, Alexander"]
[Result "0-1"]
[WhiteElo "2075"]
[BlackElo "2398"]
[PlyCount "86"]
[WhiteTeam "GERW2"]
[BlackTeam "RUS1"]
[EventDate "2020.03.06"]

1. c4 c6 2. Nf3 d5 3. e3 g6 4. Nc3 Bg7 5. d4 Nf6 6. Bd3 O-O 7. O-O Bg4 8. h3
Bxf3 9. Qxf3 e6 10. Rd1 Nbd7 11. cxd5 exd5 12. b3 Re8 13. a4 Nf8 14. Ba3 Ne6
15. Rac1 Ng5 16. Qe2 a6 17. Qc2 Qd7 18. Bf1 Bh6 19. Re1 Nge4 20. Nxe4 Nxe4 21.
Rcd1 Re6 22. Bc1 Bf8 23. Bd3 Bb4 24. Rf1 Rae8 25. Bxe4 Rxe4 26. Bd2 Bd6 27. f4
Qe7 28. Rf3 c5 29. Qd3 cxd4 30. exd4 Rxd4 31. Qxd4 Bc5 32. Be3 Bxd4 33. Rxd4
Qd7 34. f5 Re4 35. f6 h6 36. Rd3 g5 37. Bd4 Kh7 38. g4 Kg6 39. Rf5 Qe6 40. Bf2
d4 41. Rff3 Qc6 42. Kg2 Qc2 43. Kg3 Re2 0-1

[Event "FIDE World Senior Team Championship 2020"]
[Site "Olympik hotel, Sokolovska 138, Prague"]
[Date "2020.03.06"]
[Round "1.7.3"]
[White "Goriatchkin, Jouri"]
[Black "Arnhold, Kerstin"]
[Result "1-0"]
[WhiteElo "2310"]
[BlackElo "1979"]
[PlyCount "65"]
[WhiteTeam "RUS1"]
[BlackTeam "GERW2"]
[EventDate "2020.03.06"]

1. d4 Nf6 2. c4 e6 3. g3 Be7 4. Bg2 d5 5. Nf3 c6 6. O-O O-O 7. Nc3 Nbd7 8. b3
Rb8 9. Bf4 Ra8 10. Qc2 Nh5 11. Bc1 f5 12. Bb2 Ndf6 13. Rad1 Ne4 14. Nxe4 fxe4
15. Ne5 Bd6 16. f3 exf3 17. exf3 Qg5 18. f4 Qe7 19. Qe2 Nf6 20. g4 Nd7 21. Nd3
Qf7 22. Rde1 Nb8 23. Ne5 Qc7 24. g5 Na6 25. Bh3 Nb4 26. a3 Bxe5 27. fxe5 Na6
28. Rxf8+ Kxf8 29. Qh5 Qe7 30. Qxh7 Qxg5+ 31. Kh1 Qh6 32. Rf1+ Ke7 33. Qg8 1-0

[Event "FIDE World Senior Team Championship 2020"]
[Site "Olympik hotel, Sokolovska 138, Prague"]
[Date "2020.03.06"]
[Round "1.7.4"]
[White "Leib, Britta"]
[Black "Tolstikh, Nikolay"]
[Result "0-1"]
[WhiteElo "1908"]
[BlackElo "2320"]
[PlyCount "136"]
[WhiteTeam "GERW2"]
[BlackTeam "RUS1"]
[EventDate "2020.03.06"]

1. e4 c5 2. Nf3 d6 3. d4 cxd4 4. Nxd4 Nf6 5. Nc3 g6 6. Be3 Bg7 7. Be2 Nc6 8.
O-O O-O 9. h3 d5 10. exd5 Nb4 11. d6 Qxd6 12. Ndb5 Qb8 13. a3 Nc6 14. Nd4 Bd7
15. Nxc6 Bxc6 16. Bf3 Qc7 17. Qe2 a6 18. Rad1 Rfd8 19. Qc4 Rdc8 20. Bxc6 Qxc6
21. Qxc6 Rxc6 22. Rd2 Kf8 23. Rfd1 Ke8 24. Na4 Ne4 25. Rd5 Rd6 26. c3 Rad8 27.
Nb6 Rxd5 28. Rxd5 Rxd5 29. Nxd5 Kd7 30. Kf1 Nd6 31. Bc1 e6 32. Ne3 f5 33. f3 h5
34. Ke2 Kc6 35. Kd3 Bh6 36. a4 e5 37. b3 e4+ 38. Ke2 f4 39. Nc2 e3 40. Nd4+ Kd7
41. Kf1 h4 42. Ba3 Nf7 43. Ke1 Bg7 44. Ne2 g5 45. Kd1 Ke6 46. Kc2 Bf6 47. Kd3
Kd5 48. c4+ Ke6 49. Bc5 Ne5+ 50. Kc2 Nc6 51. Bb6 Nb4+ 52. Kd1 Kd6 53. Ba5 Nc6
54. Bb6 Bd8 55. Bd4 Ke6 56. Kc2 Bf6 57. Bxf6 Kxf6 58. Kc3 Ke5 59. b4 Ne7 60.
Kd3 Nf5 61. Kc3 Kd6 62. Kd3 a5 63. c5+ Kc6 64. b5+ Kxc5 65. Nc3 Nd6 66. Na2 Nc4
67. Ke2 Kd4 68. Kd1 Nb2+ 0-1

[Event "FIDE World Senior Team Championship 2020"]
[Site "Olympik hotel, Sokolovska 138, Prague"]
[Date "2020.03.06"]
[Round "1.8.1"]
[White "Goldinger, Peter"]
[Black "Priehoda, Vitezslav"]
[Result "1/2-1/2"]
[WhiteElo "2052"]
[BlackElo "2337"]
[PlyCount "31"]
[WhiteTeam "GER6"]
[BlackTeam "CZE2"]
[EventDate "2020.03.06"]

1. d4 d6 2. Bf4 Nd7 3. Nf3 g6 4. e4 Bg7 5. Bc4 Nb6 6. Bb3 Nf6 7. Nbd2 O-O 8.
O-O c5 9. c3 cxd4 10. cxd4 h6 11. Qe2 g5 12. e5 Nfd5 13. Bxg5 hxg5 14. Nxg5 Bf5
15. e6 fxe6 16. Nxe6 1/2-1/2

[Event "FIDE World Senior Team Championship 2020"]
[Site "Olympik hotel, Sokolovska 138, Prague"]
[Date "2020.03.06"]
[Round "1.8.4"]
[White "Vrbata, Zbynek"]
[Black "Dieterle-Bard, Bernhard"]
[Result "1-0"]
[WhiteElo "2350"]
[BlackElo "1865"]
[PlyCount "57"]
[WhiteTeam "CZE2"]
[BlackTeam "GER6"]
[EventDate "2020.03.06"]

1. d4 Nf6 2. c4 e6 3. Nc3 d5 4. cxd5 exd5 5. Bg5 Be7 6. e3 O-O 7. Bd3 c6 8. Qc2
h6 9. Bh4 Be6 10. Nge2 Nh5 11. Bxe7 Qxe7 12. h3 f5 13. O-O-O Nd7 14. Rdg1 f4
15. g4 fxe3 16. fxe3 Nhf6 17. g5 hxg5 18. h4 g4 19. Ng3 Bf7 20. Nf5 Qe6 21. h5
Ne4 22. Nxe4 dxe4 23. Bxe4 Qxa2 24. Rxg4 Qa1+ 25. Kd2 Qa5+ 26. Kc1 Nf6 27.
Rxg7+ Kh8 28. Qg2 Nxe4 29. Rh7+ 1-0

[Event "FIDE World Senior Team Championship 2020"]
[Site "Olympik hotel, Sokolovska 138, Prague"]
[Date "2020.03.06"]
[Round "1.9.1"]
[White "Fritsche, Lutz"]
[Black "Schlag, Andreas"]
[Result "0-1"]
[WhiteElo "2321"]
[BlackElo "2057"]
[PlyCount "80"]
[WhiteTeam "GER1"]
[BlackTeam "GER7"]
[EventDate "2020.03.06"]

1. f4 d5 2. Nf3 Nf6 3. e3 b6 4. b3 e6 5. Bb2 Be7 6. Be2 O-O 7. O-O Bb7 8. Qe1
c5 9. d3 Nbd7 10. Nbd2 b5 11. Ne5 Qa5 12. a4 b4 13. Qg3 Qc7 14. Ndf3 g6 15. Qh3
d4 16. exd4 Bxf3 17. Bxf3 Rac8 18. d5 exd5 19. Rae1 Nb8 20. f5 d4 21. Bc1 Bd6
22. Nc4 Nbd7 23. Qh4 Rce8 24. Rxe8 Rxe8 25. Bg5 Kg7 26. Qh6+ Kh8 27. Qh4 Kg7
28. fxg6 fxg6 29. Be4 Nxe4 30. dxe4 h5 31. Bf6+ Kh7 32. Bg5 Kg7 33. g4 Rxe4 34.
Bf6+ Kh7 35. h3 Bf4 36. Kg2 Bh6 37. Qf2 Rf4 38. Qe2 Nxf6 39. Rxf4 Qxf4 40. Qe7+
Bg7 0-1

[Event "FIDE World Senior Team Championship 2020"]
[Site "Olympik hotel, Sokolovska 138, Prague"]
[Date "2020.03.06"]
[Round "1.9.2"]
[White "Mikolajewski, Armin"]
[Black "Schulz, Klaus-Juergen"]
[Result "0-1"]
[WhiteElo "1993"]
[BlackElo "2331"]
[PlyCount "52"]
[WhiteTeam "GER7"]
[BlackTeam "GER1"]
[EventDate "2020.03.06"]

1. d4 d5 2. Nf3 Nf6 3. c4 dxc4 4. Nc3 a6 5. e3 e6 6. Bxc4 c5 7. Bd3 Nc6 8. O-O
Qc7 9. Ne4 cxd4 10. exd4 Nb4 11. Bb1 Bd7 12. a3 Nbd5 13. Nxf6+ gxf6 14. Re1 Bc6
15. Be4 O-O-O 16. Bd2 Kb8 17. Rc1 Qb6 18. Qc2 Bd6 19. b4 h5 20. Rb1 f5 21. Bd3
Rdg8 22. Kh1 Nf4 23. Bxf4 Bxf4 24. Qc5 Qd8 25. b5 Bxf3 26. gxf3 Qh4 0-1